Krisna theme in the visual arts of Rajasthan (Record no. 4783)

MARC details
000 -LEADER
fixed length control field 00490 a2200157 4500
000 - LEADER
fixed length control field BKB
001 - CONTROL NUMBER
control field 071480
005 - DATE AND TIME OF LATEST TRANSACTION
control field 20200902151013.0
008 - FIXED-LENGTH DATA ELEMENTS--GENERAL INFORMATION
fixed length control field
082 ## - DEWEY DECIMAL CLASSIFICATION NUMBER
Classification number 704.9489452
Item number K52S
100 1# - MAIN ENTRY--PERSONAL NAME
Personal name Khanna, Vandana
245 1# - TITLE STATEMENT
Title Krisna theme in the visual arts of Rajasthan
Statement of responsibility, etc by Vandana Khanna
260 ## - PUBLICATION, DISTRIBUTION, ETC. (IMPRINT)
Place of publication, distribution, etc Jaipur
Name of publisher, distributor, etc Publication Scheme
Date of publication, distribution, etc 1998
300 ## - PHYSICAL DESCRIPTION
Extent 224p.
690 ## - LOCAL SUBJECT ADDED ENTRY--TOPICAL TERM (OCLC, RLIN)
Topical term or geographic name as entry element Art; Krishna (Hindu deity); Rajput art; Arts, Indic; India--Rajasthan
Holdings
Withdrawn status Lost status Damaged status Not for loan Home library Current library Date acquired Cost, normal purchase price Total Checkouts Full call number Barcode Date last seen Price effective from Koha item type
        Central University Of Rajasthan Central University Of Rajasthan 07/03/2012 2000.00   704.9489452 K52S 5915 21/11/2024 02/09/2020 Books